000 00686nam a2200253Ia 4500
003 GCL
008 140319s9999 xx 000 0 ara d
020 _a0141172977
040 _aGCL /
_cGCL
082 0 4 _a350
_bع ا
100 1 _aعلى السلمى
245 1 0 _aالادارة المعاصرة /
_cعلى السلمى
260 _aالقاهرة :
_bمكتبة غريب
300 _a283 ؛
_c24 سم
490 _a
650 0 4 _aالتخطيط
650 0 4 _aالتنظيم
650 0 4 _aتقييم
650 0 4 _aالاداريون
650 0 4 _aالتنظيف
650 0 4 _aاتخاذ القرارات
650 0 4 _aالادارة - تطوير
942 _2ddc
_cBK
999 _c39567
_d39567